000 00273nam a2200109Ia 4500
008 200302s9999 xx 000 0 und d
100 _aAnn Rooney Heuer
245 _aCreating the Peaceful Home
260 _bFriedman / Fairfax Publishers
260 _c1999
300 _a144 P.,
999 _c1907
_d1907